000 00955nam a2200217 4500
001 2833
005 20181127165903.0
020 0 0 _a
090 0 0 _a336.2 D4193t 2001
110 _aDepartment of Revenue and Customs.
_b
_c
_d
_e
_n
_p
245 0 0 _aTax deduction at source [TDS] :
_bInformation to help you with TDS /
_cDepartment of Revenue and Customs.
_h
250 0 0 _a
260 0 0 _aThimphu :
_bMinistry of Finance,
_c2001.
300 0 0 _a26 p.
500 _aElectronic copy available on RTC Cloud in "Library" folder
500 0 0 _aCorporate Income Tax / Business Income Tax / Exempt Organization / Deduction, TDS Cheques, Deposit, Accounting and Adjustment of TDS, Fines and Penalties / Fines and penalties.
650 0 0 _aBusiness tax --Bhutan.
_x
650 0 0 _aCorporate income tax.
_x
650 0 0 _aExcise tax --Law and legislation --Bhutan.
_x
856 _a
_uhttp://www.dit.gov.bt/sites/default/files/TDSGuideline.pdf
_yTax deduction at source [TDS]
_z
_3
999 _c2269
_d2269